| 000 | 02492cam a2200553 i 4500 | ||
|---|---|---|---|
| 001 | sjds1041584 | ||
| 003 | sjds | ||
| 005 | 20230629144932.0 | ||
| 008 | 160503s2016 mnua j 000 0 eng | ||
| 010 | _a 2016013069 | ||
| 020 | _a9781631981173 (Board book) | ||
| 020 | _a163198117X (board book) | ||
| 020 |
_a9781631981173 ; _c7.95 |
||
| 035 | _a1028466 | ||
| 035 | _a(OCoLC)948805316 | ||
| 035 | _a(OCoLC)ocn948805316 | ||
| 035 | _a1032917 | ||
| 040 |
_aDLC _beng _erda _cDLC _dOCLCF _dIFA |
||
| 041 | 1 |
_aeng _aspa _heng |
|
| 042 | _apcc | ||
| 049 | _aIFAA | ||
| 099 | _f2016 | ||
| 100 | 1 |
_aVerdick, Elizabeth, _eauthor. |
|
| 245 | 1 | 0 |
_aMomento para escuchar = _bListening time / _cElizabeth Verdick ; ilustrado por Marieka Heinlen ; traducido por Edgar Rojas. |
| 246 | 3 | 1 | _aListening time |
| 260 |
_aGolden Valley, MN : _bFree Spirit Publishing, _c[2016] |
||
| 264 | 1 |
_aGolden Valley, MN : _bFree Spirit Publishing, _c[2016] |
|
| 300 |
_a1 volume (unpaged) : _bcolor illustrations ; _c18 cm. |
||
| 336 |
_atext _btxt _2rdacontent |
||
| 337 |
_aunmediated _bn _2rdamedia |
||
| 338 |
_avolume _bnc _2rdacarrier |
||
| 490 | 1 | _aToddler tools | |
| 500 | _aCover title. | ||
| 500 | _aOn board pages. | ||
| 500 | _a"Translation by Edgar Rojas." | ||
| 520 |
_a"Learning valuable social skills like listening can happen even at an early age. "Put away the wiggles. Put away the giggles. Listening works better when your body's calm and still." When it's time for young children to listen closely, this bilingual board book sets the tone. They discover that it's important to open their eyes and ears but to close their mouths ("zip it, lock it, put it in your pocket") so good listening can begin"-- _cProvided by publisher. |
||
| 520 |
_a"Bilingual (English/Spanish) board book helps teach listening skills to toddlers. Includes tips for parents and caregivers"-- _cProvided by publisher. |
||
| 521 | 1 | _aAge 0-4. | |
| 546 | _aIn English and Spanish. | ||
| 650 | 0 |
_aListening _vJuvenile literature. |
|
| 650 | 7 |
_aEscuchar _vLiteratura juvenil. _2bidex |
|
| 700 | 1 |
_aHeinlen, Marieka, _eillustrator. |
|
| 700 | 1 |
_aRojas, Edgar. _etranslator |
|
| 700 | 1 | 2 |
_aVerdick, Elizabeth. _tListening time. |
| 700 | 1 | 2 |
_aVerdick, Elizabeth. _tListening time. _lSpanish. |
| 776 | 0 | 8 |
_iOnline version: _aVerdick, Elizabeth, author. _tListening time = _dGolden Valley, MN : Free Spirit Publishing, 2016 _z9781631981180 _w(DLC) 2016021129 |
| 830 | 0 | _aToddler tools. | |
| 942 |
_cBK _2ddc |
||
| 999 |
_c28248 _d28248 |
||